00688nam a2200169 a 450000100100000000500170001000800410002704000250006810000450009324500600013826000850019830000420028350000620032504900090038795201050039699900170050100003345520220201081530.0110829s19uu dr 000 0 spa d aDO-SdBNPbspacBNPHU1 a Bermúdez, Federico,d1884-192192367210aOro virgen :bensayos breves /cFederico R. Bermudez O. aSan Pedro de Macorís, República Dominicana :bTipografía la Orla,c[196?]. a1v. Con varias paginaciones ;c17 cm. aLa biblioteca posee un ejemplar autografiado por el autor aBNPD 001050718RVaPDbPDcCTd2011-08-29iLF1l0o p33455-10r2020-06-25w2020-06-25y1ZNo se presta c32946d32946